Slovenská národná bibliografia články

Guardado en:
Detalles Bibliográficos
Formato: Seriadas
Lenguaje:eslovaco
Publicado: Martin Matica slovenská
Materias:
Etiquetas: Agregar Etiqueta
Sin Etiquetas, Sea el primero en etiquetar este registro!

MARC

LEADER 00000nas1a22000001 4500
001 s121016
005 20250714123154.3
022 |a 0231-9748 
041 0 |a slo 
044 |a SK 
245 1 0 |a Slovenská národná bibliografia  |b články 
264 1 |a Martin  |b Matica slovenská 
610 2 0 |a bibliografia 
610 2 0 |a Slovensko